Score 0/18 Timer 03:00
3 Plays Today
Scrambled Word Unscrambled Word % Correct
KOBOBOOK
96.4%
FLOGGOLF
94.1%
DOASSODA
82%
SEHUOHOUSE
78.7%
GIFTHFIGHT
73.6%
KESTASTEAK
72.4%
LEGEGLEE
71.7%
THINGNIGHT
64.6%
SNIDERDINERS
51.6%
Scrambled Word Unscrambled Word % Correct
Word in common with all of the above:CLUB
49.6%
OARTRYROTARY
45.3%
COYRUNTCOUNTRY
45.2%
THEHALHEALTH
42.6%
FLABTOOLFOOTBALL
41.1%
AFTERBASKBREAKFAST
21.5%
COMOANMONACO
18.7%
RAISERSIERRA
8.7%
CASHWINDSANDWICH
8.1%
Remove Ads.
Support Sporcle.
Get the best of Sporcle when you Go Orange. This ad-free experience offers more features, more stats, and more fun while also helping to support Sporcle. Thank you for becoming a member.

You're not logged in!

Compare scores with friends on all Sporcle quizzes.
OR
Log In

Show Comments

Extras

Top Quizzes Today


Score Distribution

Your Account Isn't Verified!

In order to create a playlist on Sporcle, you need to verify the email address you used during registration. Go to your Sporcle Settings to finish the process.

Report this User

Report this user for behavior that violates our Community Guidelines.

Details: